| 000 | 00696nam a2200217Ii 4500 | ||
|---|---|---|---|
| 003 | JO-AjNU | ||
| 008 | 230605s9999||||xx |||||||||||||| ||und|| | ||
| 017 | _a2003/19705 | ||
| 020 | _a287-356-7 | ||
| 040 |
_aJO-AjNU _bara _erda _cJO-AjNU |
||
| 041 | _aara | ||
| 050 | 1 | 4 | _aTA590 2003 |
| 100 | 3 |
_aالشافعي، شريف فتحي, _eauthor _917006 |
|
| 245 | 0 | 0 | _aاسس ومبادئ المساحة البحرية=Hydrographic Surveying |
| 264 | 3 | 1 | _aالقاهرة:دار الكتب العلمية ،2003 |
| 300 | _a166ص | ||
| 336 |
_atext _btxt _2rdacontent |
||
| 337 |
_aunmediated _bn _2rdamedia |
||
| 338 |
_avolume _bnc _2rdacarrier |
||
| 650 | 4 |
_aالمساحة البحرية _917007 |
|
| 999 |
_aA5163 _c8731 _d8731 |
||